Yellowknife Airport Destinations (Yellowknife, Canada) - Statistics

General Stats
  • This quiz has been taken 49 times
    17 since last reset
  • The average score is 6 of 28
Answer Stats
Airline Destination % Correct
Air Canada/Air Canada Rouge/Air North Toronto (Pearson)
100%
Air Canada Express/Air North Vancouver
100%
WestJet/WestJet Encore Calgary
94%
Air Canada Express/Air Tindi/Canadian North/WestJet/WestJet Encore Edmonton
94%
Air North/Canadian North Ottawa
69%
Air North Whitehorse
50%
Canadian North Iqaluit
31%
Canadian North Inuvik
19%
Air Tindi/Canadian North Hay River
13%
North-Wright Airways Colville Lake
6%
North-Wright Airways Déline
6%
North-Wright Airways Fort Good Hope
6%
Canadian North Fort Simpson
6%
Air Tindi Fort Smith
6%
Air Tindi Gamèti
6%
Canadian North/North-Wright Airways Norman Wells
6%
Canadian North Rankin Inlet
6%
Air Tindi Whatì
6%
Canadian North Cambridge Bay
0%
Air Tindi Fort Chipewyan
0%
Canadian North Gjoa Haven
0%
Canadian North Kugaaruk
0%
Canadian North Kugluktuk
0%
Air Tindi Lutselk'e
0%
Canadian North Taloyoak
0%
North-Wright Airways Tulita
0%
Canadian North Ulukhaktok
0%
Air Tindi Wekweètì
0%
No matching quizzes found
Score Distribution
Percent of People with Each Score
Percentile by Number Answered
Your Score History
You have not taken this quiz since the last reset